El Tercer Reich : (Record no. 81487)

MARC details
000 -LEADER
campo de control de longitud fija 00850nam a2200229 i 4500
001 - NÚMERO DE CONTROL
campo de control 81487
003 - IDENTIFICADOR DE NÚMERO DE CONTROL
campo de control ES-MaACL
005 - FECHA Y HORA DE LA ÚLTIMA TRANSACCIÓN
campo de control 20230906174440.0
007 - CAMPO FIJO DE DESCRIPCIÓN FÍSICA--INFORMACIÓN GENERAL
campo de control de longitud fija t|
008 - DATOS DE LONGITUD FIJA--INFORMACIÓN GENERAL
campo de control de longitud fija 041104s1967 sp ||||1| spa d
080 ## - NÚMERO DE LA CLASIFICACIÓN DECIMAL UNIVERSAL
Número de la Clasificación Decimal Universal 943"1933/45"(093.2)
100 1# - ENTRADA PRINCIPAL--NOMBRE DE PERSONA
Nombre de persona Huber, Heinz.
9 (RLIN) 64485
245 13 - MENCIÓN DEL TÍTULO
Título El Tercer Reich :
Resto del título su historia en textos, fotografías y documentos : [1933-1945] /
Mención de responsabilidad, etc. por Heinz Huber y Artur Müller ; prólogo de Hans Bausch ; [traducción de Ángel Sabrido].
260 ## - PUBLICACIÓN, DISTRIBUCIÓN, ETC.
Lugar de publicación, distribución, etc. Barcelona :
Nombre del editor, distribuidor, etc. Plaza & Janés,
Fecha de publicación, distribución, etc. [1967]
300 ## - DESCRIPCIÓN FÍSICA
Extensión 2 v. :
Otras características físicas il. ;
Dimensiones 25 cm.
505 8# - NOTA DE CONTENIDO CON FORMATO
Nota de contenido con formato Contiene: 1. La creación del poder - 2. El derrumbamiento del poder
651 #4 - PUNTO DE ACCESO ADICIONAL DE MATERIA--NOMBRE GEOGRÁFICO
Nombre geográfico Alemania-
Subdivisión general Historia-
Subdivisión cronológica 1933-1945.
9 (RLIN) 7663
700 1# - ENTRADA AGREGADA--NOMBRE PERSONAL
Nombre de persona Müller, Artur.
9 (RLIN) 173434
700 1# - ENTRADA AGREGADA--NOMBRE PERSONAL
Nombre de persona Bausch, Hans.
9 (RLIN) 26612
700 1# - ENTRADA AGREGADA--NOMBRE PERSONAL
Nombre de persona Sabrido, Ángel.
9 (RLIN) 101219
852 ## - LOCALIZACIÓN
Ubicación ES-MaACL
Número de control de estantería C-25238-39
Holdings
Estatus retirado Estado de pérdida Estado de daño No para préstamo Biblioteca de origen Biblioteca actual Ubicación en estantería Fecha de adquisición Fuente de adquisición Total de préstamos Signatura topográfica completa Código de barras Visto por última vez Precio de reemplazo Tipo de ítem Koha
        Biblioteca del Ateneo de Madrid Biblioteca del Ateneo de Madrid Depósito 2 17/01/2008     C-25238-39 1085179 23/02/2023 23/02/2023 Libro impreso